| 000 | 00982 a2200313 4500 | ||
|---|---|---|---|
| 264 |
_aAnkara ; _b, _c1999 |
||
| 650 | 0 | 0 |
_932546 _aTezler, Akademik |
| 999 |
_c200043505 _d16959 |
||
| 001 | 200043505 | ||
| 003 | TR-AnTOB | ||
| 005 | 20260210134038.0 | ||
| 008 | 121126s1999 tu 000 0 | ||
| 040 |
_aTR-AnTOB _cTR-AnTOB |
||
| 041 | 0 | _atur | |
| 099 | _aTEZ ANKARA FBE MAT YL'99 BUY | ||
| 100 | 1 |
_aBüyükyazıcı, İbrahim _978506 |
|
| 245 | 1 | 0 |
_aİki değişkenli fonksiyonların Bernstein Polinomları / _cİbrahim Büyükyazıcı. |
| 300 |
_aiv, 49 p. : _c29 cm. |
||
| 504 | _aIncludes bibliographical references | ||
| 650 | 0 | 0 |
_aDissertations, Academic _932543 |
| 653 | _aLineer pozitif operatör. | ||
| 653 | _aSüreklilik modülü | ||
| 653 | _aLinear positive operator. | ||
| 653 | _aContinuity modulus. | ||
| 710 | 2 |
_aAnkara Üniversitesi. _bFen Bilimleri Enstitüsü _978500 |
|
| 856 | _ahttp://tez2.yok.gov.tr/ | ||
| 903 | _aMerkez Kütüphane | ||
| 942 |
_2z _cTEZ |
||